[Event "Vaujany 2019 Principal"]
[Site "?"]
[Date "2019.07.16"]
[Round "6.3"]
[White "Gelas, Christophe"]
[Black "Bailet, Pierre"]
[Result "0-1"]
[WhiteElo "2317"]
[BlackElo "2494"]
[PlyCount "104"]

{[%evp 0,104,22,25,18,5,35,40,13,36,15,14,10,6,26,-4,-8,7,20,31,39,36,36,6,71,
68,73,73,96,88,87,76,82,69,85,53,51,52,78,92,71,75,75,73,113,133,131,148,161,
138,214,377,377,441,453,463,463,462,404,461,461,334,337,293,311,311,326,289,
289,253,309,348,354,318,318,-8,-1,-55,-127,-397,-401,-401,-404,-418,-437,-418,
-416,-421,-416,-490,-484,-483,-494,-498,-498,-496,-496,-499,-499,-511,-519,
-513,-513,-533,-624,-982,-624]} 1. d4 Nf6 2. c4 d6 3. Nc3 e5 4. dxe5 dxe5 5.
Qxd8+ Kxd8 6. Nf3 Nbd7 7. Rg1 h6 8. g4 e4 9. g5 exf3 10. gxf6 Nxf6 11. Bf4 Bd6
12. Bxd6 cxd6 13. Rxg7 fxe2 14. Bxe2 Be6 15. O-O-O Ke7 16. b3 Rhg8 17. Rxg8
Rxg8 18. Bf3 Rg5 19. Bxb7 Rh5 20. Nb5 Rxh2 21. Rd2 h5 22. Nxa7 h4 23. a4 h3 24.
a5 Kd7 25. a6 d5 26. cxd5 Rh1+ 27. Kb2 Bf5 28. Bc8+ Ke8 29. Bxf5 h2 30. Nb5 Ra1
31. Rc2 Kf8 32. Rc8+ Kg7 33. Kxa1 h1=Q+ 34. Ka2 Nxd5 35. a7 Nb6 36. Rb8 Na8 37.
Nc3 Qf3 38. Be4 Qxc3 39. Rxa8 Qa5+ 40. Kb2 Qe5+ 41. Ka2 Qxe4 42. Rc8 Qe2+ 43.
Kb1 Qd3+ 44. Rc2 Qxb3+ 45. Kc1 Qa3+ 46. Kd1 Qxa7 47. Ke2 f5 48. Rc3 Qd4 49. Rd3
Qc4 50. Kd2 Kf6 51. Re3 Qf1 52. Rf3 Ke5 0-1

[Event "Vaujany 2019 Principal"]
[Site "?"]
[Date "2019.07.16"]
[Round "6.4"]
[White "Bokros, Albert"]
[Black "Di Nicolantonio, Lucas"]
[Result "1/2-1/2"]
[WhiteElo "2472"]
[BlackElo "2396"]
[PlyCount "143"]

1. e4 c5 2. Nf3 d6 3. d4 cxd4 4. Nxd4 Nf6 5. f3 e5 6. Nb3 Be6 7. c4 a5 8. Be3
a4 9. N3d2 Be7 10. Be2 Qa5 11. Na3 O-O 12. O-O Bd8 13. c5 d5 14. exd5 Nxd5 15.
Bf2 Nc6 16. Ndc4 Qc7 17. Re1 Bf6 18. Nb5 Qd7 19. Ncd6 a3 20. Nxa3 e4 21. fxe4
Nc3 22. bxc3 Rxa3 23. Nb5 Qxd1 24. Rexd1 Rxa2 25. Rxa2 Bxa2 26. Rd7 Na5 27. Bg4
g6 28. Bd4 h5 29. Bh3 Bg5 30. Nd6 Rd8 31. Rxd8+ Bxd8 32. Bc8 Be6 33. Bxb7 Nxb7
34. Nxb7 Bc7 35. g3 Bd7 36. Bf6 Bc6 37. Nd6 Bxd6 38. cxd6 Kf8 39. e5 Ke8 40. e6
fxe6 41. Be5 Bb5 42. Kf2 Bc6 43. Ke3 Ba4 44. Kd4 Kd7 45. c4 Bc6 46. Ke3 Ke8 47.
Kf4 Ba4 48. h3 Bc6 49. Bd4 e5+ 50. Kxe5 Kd7 51. Kf6 Be4 52. Be5 Bd3 53. c5 Bf5
54. g4 hxg4 55. h4 Be4 56. Bg3 Bd3 57. Ke5 Bc2 58. Kf4 Bd3 59. Ke3 Bf5 60. Kd4
Bc2 61. Kd5 Bb3+ 62. Ke5 Bc2 63. Kf4 Bd3 64. Kxg4 Bc2 65. Kg5 Bd3 66. Kf6 Bc2
67. Ke5 Bb1 68. c6+ Kxc6 69. h5 gxh5 70. Ke6 Bd3 71. d7 Bf5+ 72. Kxf5 1/2-1/2

[Event "Vaujany 2019 Principal"]
[Site "Vaujany"]
[Date "2019.07.16"]
[Round "6.5"]
[White "Li, Henry"]
[Black "Konguvel, P.."]
[Result "0-1"]
[WhiteElo "2249"]
[BlackElo "2343"]
[PlyCount "80"]
[EventDate "2019.07.??"]
[EventRounds "9"]

1. e4 c5 2. Nf3 Nc6 3. d4 cxd4 4. Nxd4 g6 5. Nc3 Bg7 6. Be3 Nf6 7. Bc4 O-O 8.
Bb3 d6 9. f3 Bd7 10. Qd2 Nxd4 11. Bxd4 b5 12. h4 a5 13. h5 a4 14. Bd5 e5 15.
Bxa8 exd4 16. Nd5 Nxh5 17. g4 Nf6 18. g5 Nh5 19. O-O-O Qxa8 20. Rxh5 gxh5 21.
Qh2 Kh8 22. Qxh5 Bf5 23. Qh1 Bg6 24. f4 f5 25. gxf6 Bxf6 26. f5 Bg5+ 27. Kb1
Bf7 28. Rxd4 Bxd5 29. Rxd5 Qc6 30. Qf1 Bf6 31. a3 b4 32. Qd3 bxa3 33. Rxd6 Qc5
34. Qxa3 Qxa3 35. bxa3 Kg7 36. Re6 Rb8+ 37. Kc1 Rb5 38. Ra6 h5 39. Kd2 h4 40.
Ke3 h3 0-1

[Event "Vaujany 2019 Principal"]
[Site "?"]
[Date "2019.07.16"]
[Round "6.6"]
[White "Le Corre, Benjamin"]
[Black "Varga, Zoltan"]
[Result "1/2-1/2"]
[WhiteElo "2280"]
[BlackElo "2445"]
[PlyCount "90"]

{[%evp 0,80,35,22,82,81,88,68,60,45,43,34,40,25,26,39,24,15,15,2,10,3,24,14,21,
10,22,-4,7,-15,-15,-21,-21,-23,-16,-16,-16,-5,-11,-63,-22,-63,0,-9,-28,-20,-31,
-48,-48,-65,-7,-54,-64,-31,-50,-51,-25,-54,-11,7,-5,-8,13,13,13,0,43,12,12,14,
112,85,202,168,225,204,231,98,85,78,77,71,66]} 1. e4 d6 2. d4 Nf6 3. Nc3 Nbd7
4. Nge2 e5 5. g3 c6 6. Bg2 b5 7. a3 Be7 8. O-O O-O 9. b3 Re8 10. Bb2 Bf8 11.
Re1 a5 12. Qd2 Bb7 13. Rad1 b4 14. axb4 axb4 15. Na4 Qa5 16. c4 bxc3 17. Bxc3
Qb5 18. Qb2 c5 19. d5 c4 20. bxc4 Qxc4 21. Nb6 Nxb6 22. Qxb6 Reb8 23. Qe3 Ba6
24. Rc1 Rb3 25. f3 Be7 26. Qd2 Qb5 27. Bf1 Bd8 28. Kg2 Qb7 29. Rc2 Nd7 30. Nc1
Bxf1+ 31. Rxf1 Rb5 32. Nd3 f5 33. Bb4 fxe4 34. fxe4 Be7 35. Rfc1 Ra7 36. Rc8+
Kf7 37. Qf2+ Nf6 38. Qf5 Qd7 39. Qxd7 Rxd7 40. Kf3 Rdb7 41. R1c4 Ne8 42. R8c6
Ra7 43. h3 h5 44. Rc8 Bf6 45. R8c6 Be7 1/2-1/2

[Event "Vaujany 2019 Principal"]
[Site "Vaujany"]
[Date "2019.07.16"]
[Round "6.8"]
[White "Aflalo, Sophie"]
[Black "Valles, Manuel"]
[Result "1-0"]
[WhiteElo "2094"]
[BlackElo "2390"]
[PlyCount "31"]
[EventDate "2019.07.??"]
[EventRounds "9"]

1. e4 Nc6 2. d4 d5 3. exd5 Qxd5 4. Ne2 e5 5. Nbc3 Bb4 6. Bd2 Qd8 7. dxe5 Nxe5
8. Nf4 Nf6 9. Bb5+ c6 10. O-O cxb5 11. Re1 Nfg4 12. Nd3 O-O 13. Nxe5 Qh4 14.
Nxg4 Bxg4 15. Qc1 Bd7 16. Re4 1-0

[Event "Vaujany 2019 Principal"]
[Site "Vaujany"]
[Date "2019.07.16"]
[Round "6.9"]
[White "Turova, Irina"]
[Black "Paternoster, Thibaud"]
[Result "1/2-1/2"]
[WhiteElo "2418"]
[BlackElo "1909"]
[PlyCount "63"]
[EventDate "2019.07.??"]
[EventRounds "9"]

1. d4 Nf6 2. c4 e6 3. Nc3 d5 4. cxd5 exd5 5. Bg5 Be7 6. Qc2 c6 7. e3 Nbd7 8.
Bd3 Nh5 9. Bxe7 Qxe7 10. Nge2 g6 11. O-O O-O 12. Rae1 Ndf6 13. Nc1 Ng7 14. f3
Nf5 15. Qf2 Be6 16. Nb3 b6 17. e4 Ng7 18. e5 Nd7 19. Nc1 h5 20. N1e2 Bf5 21.
Bxf5 Nxf5 22. Nf4 Qg5 23. Nh3 Qe7 24. f4 Rfe8 25. Ng5 Nf8 26. Ne2 Ne6 27. Nxe6
Qxe6 28. Rc1 Rec8 29. Rc3 a5 30. Ng3 Ra7 31. Rfc1 Rac7 32. Nxf5 1/2-1/2

[Event "Vaujany 2019 Principal"]
[Site "Vaujany"]
[Date "2019.07.16"]
[Round "6.10"]
[White "Khachatryan, Samvel"]
[Black "Womacka, Mathias"]
[Result "0-1"]
[WhiteElo "2194"]
[BlackElo "2449"]
[PlyCount "64"]
[EventDate "2019.07.??"]
[EventRounds "9"]

1. e4 c5 2. Nf3 d6 3. d4 cxd4 4. Nxd4 Nf6 5. Nc3 a6 6. Bg5 e6 7. f4 h6 8. Bh4
Qb6 9. Qd2 Qxb2 10. Rb1 Qa3 11. e5 dxe5 12. fxe5 g5 13. Bg3 Nh5 14. Ne4 Qxa2
15. Rd1 Be7 16. Be2 Nxg3 17. hxg3 Qd5 18. Bf3 Qxe5 19. O-O O-O 20. Rde1 Qg7 21.
Bh5 Nd7 22. g4 Nf6 23. Ng3 Bc5 24. c3 e5 25. Ngf5 Bxf5 26. Rxf5 Nxh5 27. gxh5
Rae8 28. Kh1 exd4 29. Rxe8 Rxe8 30. Rxc5 dxc3 31. Rxc3 Qe5 32. Rc1 Qe2 0-1

[Event "Vaujany 2019 Principal"]
[Site "?"]
[Date "2019.07.16"]
[Round "6.16"]
[White "O'Gorman, Tom"]
[Black "Fodor, Balazs"]
[Result "1-0"]
[WhiteElo "2227"]
[BlackElo "2154"]
[PlyCount "89"]

1. e4 c6 2. d4 d5 3. Nd2 dxe4 4. Nxe4 Bf5 5. Ng3 Bg6 6. h4 h6 7. Nf3 Nd7 8. h5
Bh7 9. Bd3 Bxd3 10. Qxd3 e6 11. Bd2 Ngf6 12. O-O-O Be7 13. Kb1 O-O 14. Ne4 Nxe4
15. Qxe4 Nf6 16. Qe2 Qd5 17. Be3 b5 18. Ne5 a5 19. g4 Ne4 20. Rhg1 b4 21. f3
Nd6 22. Nd7 a4 23. Nxf8 a3 24. Ng6 fxg6 25. b3 Nb5 26. Rd3 gxh5 27. gxh5 Qxh5
28. Bd2 Kf7 29. Qe4 Rd8 30. Qxc6 Rxd4 31. Rxd4 Nxd4 32. Qe4 Nf5 33. Re1 Qg6 34.
Bxb4 Qf6 35. c3 h5 36. Bxe7 Nxe7 37. Qe5 h4 38. Qxf6+ Kxf6 39. Kc2 Nf5 40. b4
Ke7 41. Kd3 g5 42. Rg1 Ng3 43. b5 Kd6 44. c4 e5 45. b6 1-0

[Event "Vaujany 2019 Principal"]
[Site "?"]
[Date "2019.07.16"]
[Round "6.17"]
[White "Sabatier, Matthis"]
[Black "Geher, Koppany"]
[Result "1/2-1/2"]
[WhiteElo "2105"]
[BlackElo "2211"]
[PlyCount "61"]

1. Nf3 Nf6 2. d4 g6 3. Nbd2 Bg7 4. e4 d5 5. e5 Ne4 6. Bd3 Nxd2 7. Bxd2 c5 8. c3
Nc6 9. O-O Qb6 10. dxc5 Qxc5 11. Be3 Qa5 12. b4 Qc7 13. Bb5 O-O 14. Bxc6 bxc6
15. Bd4 Bg4 16. Re1 Rfc8 17. h3 Bxf3 18. Qxf3 e6 19. Qe3 Bf8 20. Bc5 Bxc5 21.
Qxc5 Qb6 22. a4 Rab8 23. Rab1 Rc7 24. Qd6 Rcb7 25. Ra1 Rd8 26. a5 Qc7 27. Qxc7
Rxc7 28. a6 Rb8 29. Ra5 Rb5 30. Rea1 Rc8 31. Kf1 1/2-1/2

[Event "Vaujany 2019 Principal"]
[Site "Vaujany"]
[Date "2019.07.16"]
[Round "6.23"]
[White "Saya, Ethan"]
[Black "Soyer, Jean-Yves"]
[Result "1-0"]
[WhiteElo "2140"]
[BlackElo "2013"]
[PlyCount "33"]
[EventDate "2019.07.??"]
[EventRounds "9"]

1. e4 c5 2. Nc3 Nc6 3. g3 g6 4. Bg2 Bg7 5. d3 d6 6. Be3 e5 7. Nge2 Nge7 8. O-O
Nd4 9. Qd2 Bh3 10. Bxd4 Bxg2 11. Bxe5 Bxf1 12. Bxg7 Rg8 13. Bf6 Bxe2 14. Nd5
Bg4 15. Bxe7 Qc8 16. Bxd6 Kd7 17. Qf4 1-0

[Event "Vaujany 2019 Principal"]
[Site "Vaujany"]
[Date "2019.07.17"]
[Round "7.1"]
[White "Horvath, Jozsef"]
[Black "Turov, Maxim"]
[Result "1/2-1/2"]
[WhiteElo "2451"]
[BlackElo "2566"]
[PlyCount "47"]
[EventDate "2019.07.??"]
[EventRounds "9"]

1. Nf3 Nf6 2. c4 e6 3. g3 a6 4. Bg2 b5 5. b3 Bb7 6. Nc3 Bb4 7. Bb2 d6 8. O-O
O-O 9. d3 Nbd7 10. e4 bxc4 11. bxc4 Rb8 12. Rb1 c5 13. Nd2 Ne5 14. Nb3 Nc6 15.
Na4 Ba8 16. a3 Ba5 17. Nxa5 Qxa5 18. Bxf6 gxf6 19. Qg4+ Kh8 20. Qh4 Kg7 21.
Qg4+ Kh8 22. Qh4 Kg7 23. Qg4+ Kh8 24. Qh4 1/2-1/2

[Event "Vaujany 2019 Principal"]
[Site "Vaujany"]
[Date "2019.07.17"]
[Round "7.2"]
[White "Konguvel, P.."]
[Black "Joie, Sebastien"]
[Result "1/2-1/2"]
[WhiteElo "2343"]
[BlackElo "2402"]
[PlyCount "97"]
[EventDate "2019.07.??"]
[EventRounds "9"]

1. e4 e5 2. Nf3 Nc6 3. Bb5 a6 4. Ba4 Nf6 5. O-O Be7 6. Re1 b5 7. Bb3 d6 8. c3
O-O 9. h3 Nb8 10. d4 Nbd7 11. Nbd2 Bb7 12. Bc2 Re8 13. Nf1 g6 14. Ng3 Bf8 15.
a4 Bg7 16. Bg5 h6 17. Bd2 Nb6 18. b3 bxa4 19. bxa4 a5 20. Rb1 Ba6 21. d5 Nfd7
22. Be3 Nc4 23. Bd3 Nxe3 24. Rxe3 Bxd3 25. Qxd3 Nc5 26. Qc2 Qd7 27. Rb5 c6 28.
dxc6 Qxc6 29. Re1 Rec8 30. Rd1 Ne6 31. Qb3 Qxc3 32. Qxc3 Rxc3 33. Rxd6 Ra3 34.
Nxe5 Nc7 35. Rc5 Bf8 36. Nxf7 Bxd6 37. Nxd6 Ne6 38. Re5 Nf4 39. Re7 Rxa4 40. e5
Ra1+ 41. Kh2 Nd5 42. Rd7 a4 43. Nge4 a3 44. Nf6+ Nxf6 45. exf6 a2 46. Rg7+ Kf8
47. Rf7+ Kg8 48. Rg7+ Kf8 49. Rf7+ 1/2-1/2

[Event "Vaujany 2019 Principal"]
[Site "?"]
[Date "2019.07.17"]
[Round "7.3"]
[White "Bailet, Pierre"]
[Black "Bokros, Albert"]
[Result "1/2-1/2"]
[WhiteElo "2494"]
[BlackElo "2472"]
[PlyCount "85"]

1. Nf3 Nf6 2. g3 b6 3. d4 Bb7 4. c4 e6 5. Bg2 Be7 6. O-O O-O 7. d5 exd5 8. Nh4
c6 9. cxd5 cxd5 10. Nc3 Na6 11. Nf5 Nc7 12. Bf4 Ne6 13. Be5 d6 14. Nxe7+ Qxe7
15. Bxf6 Qxf6 16. Bxd5 Bxd5 17. Qxd5 Rfd8 18. Rad1 Rac8 19. Rd2 Qe7 20. Qe4 h6
21. Rfd1 Rc5 22. Nd5 Qe8 23. b4 Rcc8 24. a3 Ng5 25. Qxe8+ Rxe8 26. f3 Ne6 27.
Kf2 Kf8 28. Rd3 Rc2 29. Ne3 Ra2 30. R1d2 Rxd2 31. Rxd2 Rd8 32. h4 h5 33. f4 g6
34. f5 Ng7 35. Rc2 Nxf5 36. Nxf5 gxf5 37. Rc7 Ra8 38. Rd7 Kg7 39. Rxd6 f6 40.
a4 Kg6 41. b5 Rc8 42. Rc6 Rd8 43. Rc7 1/2-1/2

[Event "Vaujany 2019 Principal"]
[Site "?"]
[Date "2019.07.17"]
[Round "7.4"]
[White "Di Nicolantonio, Lucas"]
[Black "Neelotpal, Das"]
[Result "1/2-1/2"]
[WhiteElo "2396"]
[BlackElo "2406"]
[PlyCount "81"]

1. e4 c5 2. Nf3 e6 3. d4 cxd4 4. Nxd4 Nc6 5. Nc3 a6 6. Be3 Qc7 7. Qd2 Nf6 8. f3
Be7 9. O-O-O O-O 10. g4 b5 11. g5 Ne8 12. h4 Bb7 13. Kb1 Ne5 14. h5 Rc8 15. Qg2
b4 16. Na4 d5 17. f4 Nc4 18. Bxc4 dxc4 19. g6 Bf6 20. h6 fxg6 21. Nxe6 Qe7 22.
Nac5 Rxc5 23. Nxc5 Bc6 24. hxg7 Nxg7 25. Qh3 Nh5 26. Rhg1 Bg7 27. Qe6+ Qxe6 28.
Nxe6 Re8 29. Nxg7 Nxg7 30. e5 Nf5 31. Bc5 a5 32. b3 cxb3 33. axb3 a4 34. bxa4
Bxa4 35. Rd2 b3 36. c3 Rc8 37. Bb4 Ne3 38. Rf2 Bd7 39. Re1 Ra8 40. Rxe3 Bf5+
41. Kb2 1/2-1/2

[Event "Vaujany 2019 Principal"]
[Site "Vaujany"]
[Date "2019.07.17"]
[Round "7.5"]
[White "Womacka, Mathias"]
[Black "Aflalo, Sophie"]
[Result "1-0"]
[WhiteElo "2448"]
[BlackElo "2094"]
[PlyCount "87"]
[EventDate "2019.07.??"]
[EventRounds "9"]

1. e4 c5 2. Nf3 Nc6 3. d4 cxd4 4. Nxd4 Nf6 5. Nc3 e5 6. Ndb5 d6 7. Bg5 a6 8.
Na3 b5 9. Nd5 Be7 10. Bxf6 Bxf6 11. c3 Bg5 12. Nc2 O-O 13. a4 bxa4 14. Rxa4 a5
15. Bc4 Rb8 16. b3 Kh8 17. Nce3 Be6 18. O-O g6 19. Qe2 Bh6 20. Rd1 f5 21. exf5
gxf5 22. Qh5 Bg5 23. Nc7 Bd7 24. Ne6 Bxe6 25. Bxe6 Bxe3 26. fxe3 f4 27. exf4
exf4 28. Bd5 Ne5 29. Be4 Rf7 30. Rad4 Qb6 31. Kh1 Rd8 32. h3 Rg7 33. Rxd6 Rxd6
34. Qe8+ Rg8 35. Qxe5+ Rf6 36. Rd7 Rd8 37. Rxh7+ Kg8 38. Qg5+ Rg6 39. Qxg6+
Qxg6 40. Bxg6 Rd6 41. Bf5 Rd1+ 42. Kh2 Rd2 43. Kg1 Rb2 44. Ra7 1-0

[Event "Vaujany 2019 Principal"]
[Site "?"]
[Date "2019.07.17"]
[Round "7.6"]
[White "Varga, Zoltan"]
[Black "Gelas, Christophe"]
[Result "1/2-1/2"]
[WhiteElo "2445"]
[BlackElo "2317"]
[PlyCount "77"]

1. c4 c6 2. e4 d5 3. exd5 cxd5 4. d4 Nf6 5. Nc3 e6 6. Nf3 Be7 7. cxd5 Nxd5 8.
Bd3 O-O 9. O-O Nc6 10. a3 h6 11. Bb1 Kh8 12. Re1 Qd7 13. Ne4 b6 14. Ne5 Nxe5
15. dxe5 f5 16. exf6 Nxf6 17. Qc2 Kg8 18. Rd1 Qe8 19. Nxf6+ Rxf6 20. Qe4 Bd7
21. Bf4 Bc6 22. Qh7+ Kf8 23. Be5 Qh5 24. Be4 Qxe5 25. Bxc6 Rb8 26. Re1 Qf4 27.
Re2 Bd6 28. g3 Qf5 29. Qxf5 exf5 30. Bf3 f4 31. g4 Re8 32. Rd2 Bc5 33. b4 Be7
34. Re1 Rd8 35. Rxd8+ Bxd8 36. b5 Be7 37. a4 Rd6 38. Rd1 Kf7 39. Rxd6 1/2-1/2

[Event "Vaujany 2019 Principal"]
[Site "Vaujany"]
[Date "2019.07.17"]
[Round "7.7"]
[White "Sundararajan, Kidambi"]
[Black "Le Corre, Benjamin"]
[Result "1-0"]
[WhiteElo "2413"]
[BlackElo "2280"]
[PlyCount "65"]
[EventDate "2019.07.??"]
[EventRounds "9"]

1. c4 e5 2. g3 Nf6 3. Bg2 c6 4. d4 e4 5. d5 cxd5 6. cxd5 Bc5 7. Nc3 O-O 8. Nh3
d6 9. O-O h6 10. Na4 Bxh3 11. Bxh3 Nbd7 12. Nxc5 Nxc5 13. Be3 Re8 14. b4 Ncd7
15. Qb3 Nb6 16. Bd4 Nbxd5 17. a4 Nb6 18. a5 Nbd7 19. Rac1 Ne5 20. Rfd1 Nc6 21.
Bxf6 Qxf6 22. a6 Rab8 23. axb7 Nd8 24. Qa4 Rf8 25. Rc7 e3 26. fxe3 Ne6 27. Rd7
Ng5 28. Bg2 Qe5 29. Qxa7 Qb5 30. R7xd6 Qxe2 31. Rf1 Kh7 32. Qd4 Rxb7 33. h4 1-0

[Event "Vaujany 2019 Principal"]
[Site "Vaujany"]
[Date "2019.07.17"]
[Round "7.9"]
[White "O Groman, T.."]
[Black "Satyapragyan, S.."]
[Result "0-1"]
[WhiteElo "2227"]
[BlackElo "2390"]
[PlyCount "72"]
[EventDate "2019.07.??"]
[EventRounds "9"]

1. e4 e5 2. Nf3 Nc6 3. Bb5 a6 4. Ba4 Nf6 5. O-O Be7 6. Re1 b5 7. Bb3 d6 8. c3
O-O 9. h3 Bb7 10. d4 Nd7 11. Nbd2 exd4 12. cxd4 Bf6 13. Nf1 Na5 14. Bc2 Re8 15.
Rb1 c5 16. d5 Nc4 17. b3 Ncb6 18. Ne3 Ne5 19. Nh2 Bc8 20. f4 Ng6 21. g3 Bc3 22.
Rf1 Bxh3 23. f5 Bxf1 24. fxg6 fxg6 25. Qxf1 Ra7 26. Qd3 Bf6 27. Nf3 Qc8 28. Kg2
Rf7 29. Bb2 Bxb2 30. Rxb2 Rxf3 31. Kxf3 Qh3 32. Ke2 Rf8 33. Kd2 Nd7 34. Bd1 Ne5
35. Qe2 Qxg3 36. Kc1 Rf2 0-1

[Event "Vaujany 2019 Principal"]
[Site "Vaujany"]
[Date "2019.07.17"]
[Round "7.12"]
[White "Valles, Manuel"]
[Black "Gaborit, Jean-Pierre"]
[Result "1-0"]
[WhiteElo "2390"]
[BlackElo "2156"]
[PlyCount "77"]
[EventDate "2019.07.??"]
[EventRounds "9"]

1. Nf3 Nf6 2. g3 g6 3. b3 Bg7 4. Bb2 O-O 5. Bg2 d5 6. c4 c6 7. O-O b6 8. d4 Bb7
9. Nc3 Nbd7 10. Qc2 e6 11. Rad1 Rc8 12. e4 dxe4 13. Nxe4 Nxe4 14. Qxe4 b5 15.
cxb5 Nf6 16. Qd3 Qb6 17. a4 cxb5 18. Qxb5 Qxb5 19. axb5 Bd5 20. Ba3 Rfe8 21.
Bc5 Rb8 22. Ra1 Rxb5 23. Rxa7 Ne4 24. b4 Nxc5 25. bxc5 Bxf3 26. Bxf3 Bxd4 27.
Bc6 Reb8 28. Bxb5 Rxb5 29. Ra8+ Kg7 30. c6 Rc5 31. Rc8 Rc2 32. Kg2 f5 33. h4 h6
34. c7 e5 35. Kh1 g5 36. hxg5 hxg5 37. g4 f4 38. Kg2 e4 39. Rd8 1-0

[Event "Vaujany 2019 Principal"]
[Site "Vaujany"]
[Date "2019.07.17"]
[Round "7.13"]
[White "Boux de Casson, Leo"]
[Black "Saravanan, V.."]
[Result "0-1"]
[WhiteElo "1838"]
[BlackElo "2332"]
[PlyCount "40"]
[EventDate "2019.07.??"]
[EventRounds "9"]

1. d4 Nf6 2. c4 g6 3. g3 Bg7 4. Bg2 O-O 5. Nc3 d6 6. Nf3 Nc6 7. O-O a6 8. Qd3
Nd7 9. e4 e5 10. Be3 exd4 11. Nxd4 Nce5 12. Qe2 Nb6 13. b3 c5 14. Nc2 Nexc4 15.
bxc4 Bxc3 16. Rad1 Qe7 17. Qd3 Bg7 18. Rb1 Na4 19. Rbd1 Rd8 20. f4 Nb2 0-1

[Event "Vaunajy 2019 Principal"]
[Site "?"]
[Date "2019.07.17"]
[Round "7.16"]
[White "Geher, Koppany"]
[Black "Thurillet, Vincent"]
[Result "1-0"]
[WhiteElo "2211"]
[BlackElo "2057"]
[PlyCount "59"]

1. e4 c5 2. Nf3 d6 3. d4 cxd4 4. Nxd4 Nf6 5. Nc3 a6 6. h3 e5 7. Nde2 Be6 8. g4
Be7 9. Bg2 O-O 10. O-O Nc6 11. Nd5 Rc8 12. Be3 h5 13. g5 Ne8 14. Qd2 g6 15. b3
f6 16. h4 fxg5 17. hxg5 Rf7 18. f4 Ng7 19. Rad1 Bg4 20. Rde1 exf4 21. Nexf4
Bxg5 22. Nxg6 Ne6 23. Rxf7 Kxf7 24. Ngf4 Qh8 25. Rf1 Ke8 26. Nxe6 Bxe3+ 27.
Nxe3 Bxe6 28. Qxd6 Qh6 29. Nd5 Bxd5 30. Qxh6 1-0

[Event "Vaujany 2019 Principal"]
[Site "?"]
[Date "2019.07.17"]
[Round "7.18"]
[White "Bressy, Theo"]
[Black "Kaloczi, Kristof"]
[Result "1/2-1/2"]
[WhiteElo "2182"]
[BlackElo "2091"]
[PlyCount "77"]

1. e4 e6 2. d4 d5 3. Nc3 Bb4 4. e5 c5 5. a3 Bxc3+ 6. bxc3 Qc7 7. Nf3 Ne7 8. Bd3
b6 9. O-O Ba6 10. Re1 Bxd3 11. cxd3 cxd4 12. Nxd4 a6 13. Qb3 Nbc6 14. Nxc6 Qxc6
15. a4 O-O 16. Ba3 Rfe8 17. Reb1 Nf5 18. Bc1 Rec8 19. Bd2 Rab8 20. Rb2 Rb7 21.
Qd1 h6 22. Rb4 Rd8 23. Qf3 Qc7 24. Re1 b5 25. axb5 Rxb5 26. Rxb5 axb5 27. g4
Nh4 28. Qg3 g5 29. f4 d4 30. Rc1 Qb7 31. Kf2 dxc3 32. Rxc3 b4 33. Rb3 Qd5 34.
Rxb4 Qxd3 35. Qxd3 Rxd3 36. Be3 Ng2 37. Kxg2 Rxe3 38. fxg5 hxg5 39. Rb5 1/2-1/2

[Event "Vaujany 2019 Principal"]
[Site "?"]
[Date "2019.07.17"]
[Round "7.22"]
[White "Fodor, Balazs"]
[Black "Kantzler, Romain"]
[Result "1-0"]
[WhiteElo "2154"]
[BlackElo "2015"]
[PlyCount "103"]

{[%evp 0,103,35,29,24,0,4,4,42,27,31,31,31,31,36,21,24,17,36,-27,-44,-37,-43,
-44,0,-3,-6,-2,9,-7,41,17,4,23,18,-36,-28,-33,-33,-32,-32,-33,-39,-45,-16,-22,
-30,-36,-23,-16,-23,-30,-14,-52,-38,-49,13,-32,-38,-40,14,20,44,46,39,57,45,12,
19,39,27,22,49,-19,-24,-24,-22,-31,-25,-22,30,10,29,-20,6,0,-6,-48,222,227,396,
413,462,482,506,380,380,402,867,889,901,938,1407,927,29997,703]} 1. d4 Nf6 2.
c4 e6 3. Nf3 Bb4+ 4. Nbd2 O-O 5. a3 Be7 6. e4 d6 7. Be2 Nbd7 8. O-O e5 9. d5
Nc5 10. Qc2 a5 11. b3 Bd7 12. Bb2 Nh5 13. g3 g6 14. Ne1 Ng7 15. b4 Na4 16. Bc1
f5 17. Nd3 fxe4 18. Nxe4 Nf5 19. Be3 Nxe3 20. fxe3 Nb6 21. Qb3 Bf5 22. Ndf2 Kg7
23. Rac1 Qd7 24. Nc3 Bg5 25. Nce4 Be7 26. Qb2 axb4 27. axb4 Ra7 28. Ra1 Rxa1
29. Rxa1 Bxe4 30. Nxe4 Qf5 31. Qc2 c6 32. dxc6 bxc6 33. Ra7 Nc8 34. g4 Qf7 35.
Ra1 Qe6 36. b5 d5 37. cxd5 cxd5 38. Ng3 Qb6 39. Qc3 d4 40. exd4 exd4 41. Qd3
Bg5 42. Ne4 Be3+ 43. Kg2 Nd6 44. Ra6 Qb7 45. Rxd6 Rf2+ 46. Kh3 Rxe2 47. Qxe2
Qxe4 48. Qg2 Qd3 49. Rd7+ Kh6 50. Qf3 Qa3 51. Rxd4 Qc1 52. Re4 1-0

[Event "Vaujany 2019 Principal"]
[Site "?"]
[Date "2019.07.17"]
[Round "7.26"]
[White "Dreyfus, Jacques"]
[Black "Berta, Sandor"]
[Result "1/2-1/2"]
[WhiteElo "2020"]
[BlackElo "2091"]
[PlyCount "68"]

{[%evp 0,39,29,29,45,45,40,34,74,54,82,59,51,40,33,-6,11,21,24,21,21,7,-9,-1,
-6,-10,19,4,16,-7,-6,-7,1,7,2,-27,-37,-25,-16,-22,-20,-68]} 1. e4 c5 2. Nf3 Nc6
3. Bb5 Qc7 4. O-O a6 5. Bxc6 dxc6 6. h3 e5 7. c3 Ne7 8. d4 cxd4 9. cxd4 Ng6 10.
Nxe5 Nxe5 11. Bf4 Bd6 12. dxe5 Bxe5 13. Bxe5 Qxe5 14. Qc2 Be6 15. Nd2 O-O 16.
Nf3 Qf6 17. e5 Qf4 18. Qd2 Qxd2 19. Nxd2 Bd5 20. Nb1 Rae8 21. f4 f6 22. exf6
Rxf6 23. Nc3 Bc4 24. Rf2 Rd6 25. b3 Bf7 26. Rd1 Rxd1+ 27. Nxd1 c5 28. Nb2 Re1+
29. Rf1 Re4 30. Rc1 Rxf4 31. Rxc5 h5 32. Rc8+ Kh7 33. Rd8 Rf5 34. Nc4 Bxc4
1/2-1/2

[Event "Vaujany 2019 Principal"]
[Site "Vaujany"]
[Date "2019.07.18"]
[Round "8.1"]
[White "Turov, Maxim"]
[Black "Joie, Sebastien"]
[Result "1-0"]
[WhiteElo "2566"]
[BlackElo "2402"]
[PlyCount "79"]
[EventDate "2019.07.??"]
[EventRounds "9"]

1. c4 e6 2. Nf3 d5 3. d4 Nf6 4. Bg5 c6 5. Nbd2 Nbd7 6. e3 Be7 7. Bd3 h6 8. Bh4
c5 9. cxd5 Nxd5 10. Bxe7 Qxe7 11. O-O O-O 12. Rc1 b6 13. Nb3 Bb7 14. dxc5 Nxc5
15. Nxc5 bxc5 16. Qe2 e5 17. Nd2 Nb4 18. Bc4 Rab8 19. a3 Nd5 20. Ne4 Rbc8 21.
Ba6 Bxa6 22. Qxa6 Nb6 23. Qb5 c4 24. a4 f5 25. a5 Nd7 26. Rfd1 fxe4 27. Rxd7
Qf6 28. Rc2 Kh8 29. Rxa7 c3 30. h3 cxb2 31. Qxb2 Rb8 32. Rb7 Ra8 33. Rb6 Qd8
34. a6 Qd1+ 35. Kh2 Qf1 36. Qxe5 Rxa6 37. Rc7 Rg8 38. Rb8 Rg6 39. Rxg8+ Kxg8
40. Qxe4 1-0

[Event "Vaujany 2019 Principal"]
[Site "Vaujany"]
[Date "2019.07.18"]
[Round "8.2"]
[White "Horvath, J.."]
[Black "Bailet, P.."]
[Result "0-1"]
[WhiteElo "2451"]
[BlackElo "2494"]
[PlyCount "116"]
[EventDate "2019.07.??"]
[EventRounds "9"]

1. Nf3 Nf6 2. c4 g6 3. b3 Bg7 4. Bb2 d6 5. g3 e5 6. Bg2 O-O 7. O-O Re8 8. d3
Nc6 9. Nc3 Nd4 10. b4 Nxf3+ 11. Bxf3 c6 12. b5 d5 13. bxc6 bxc6 14. Bg2 Rb8 15.
Rb1 dxc4 16. Bxc6 Bd7 17. Bg2 Bf5 18. Be4 Bh3 19. Re1 cxd3 20. exd3 Qa5 21. Ba1
Rbc8 22. Rb5 Qa3 23. Bb2 Qd6 24. Nd5 Nxd5 25. Rxd5 Qb6 26. Qb3 Rb8 27. Qxb6
Rxb6 28. Bc3 Ra6 29. Ra5 Rxa5 30. Bxa5 Rc8 31. Bb4 Bf8 32. Bxf8 Kxf8 33. Bd5
Rc3 34. Bb3 f6 35. f4 exf4 36. gxf4 Rxd3 37. Kf2 Bf5 38. Rc1 Ke7 39. Rc5 Rd6
40. Rc7+ Rd7 41. Rc5 h5 42. h4 Rd2+ 43. Ke3 Rd3+ 44. Kf2 Rh3 45. Ra5 Rxh4 46.
Rxa7+ Kd6 47. Ra6+ Kc5 48. Rxf6 Rxf4+ 49. Ke3 Re4+ 50. Kf3 Kd4 51. Rf8 Bg4+ 52.
Kg3 g5 53. Rd8+ Ke3 54. Bc2 h4+ 55. Kh2 Rd4 56. Re8+ Kf2 57. Rg8 Rd2 58. Rxg5
Kf1+ 0-1